00350nam a2200097Ia 4500082001600000245011500016100005400131942000700185008004100192999001900233 a650.14 COET 0aCareer planning in the 21st century: strategies for inventing a successful career in a workplace without jobs  a COETZEE, Melinde Cape Town, 2007 946702 cBK210817s9999 xx 000 0 und d c371870d371869